| 000 | 00484nam a2200193Ia 4500 | ||
|---|---|---|---|
| 008 | 170918s9999 xx 000 0 und d | ||
| 020 | _a9780545853644 | ||
| 050 | _bM173 2014 | ||
| 100 | _aMcQuinn, Anna | ||
| 245 | _aLola plants a garden / | ||
| 245 | _cAnna McQuinn ; illustrated by Rosalind Beardshaw. | ||
| 260 | _aNew York : | ||
| 260 | _bScholastic, | ||
| 260 | _c2014 | ||
| 300 | _aunpaged : | ||
| 300 | _bcolored illustration ; | ||
| 300 | _c25cm. | ||
| 500 | _a530 | ||
| 999 |
_c342478 _d342478 |
||